000 00325nam a22001457a 4500
008 180216b xxu||||| |||| 00| 0 eng d
020 _a9780962825422
041 _aeng
080 _a159.9 FAL
082 _a159.9 FAL
100 _a48
101 _aPSI
245 _aFamily desk reference to psychology
942 _2udc
_cBK
999 _c42817
_d42817